000 00624nam a2200241Ia 4500
003 OSt
005 20220928103122.0
006 a|||||r|||| 00| 0
007 ta
008 220927b |||||||| |||| 00| 0 eng d
024 _a68
037 _cTextual
040 _aSDCL
_cSDCL
_beng
041 _2eng
_aeng
082 _aX:87, P6
100 _aPareek Udai
_9386081
245 0 _aOrganisational leadership and power
260 _aIndia
_bICFAI University Press
_c2006
300 _a2,221p
_ccm.
650 _aExecutive
_9385708
942 _hX:87, P6
_cTEXL
_2CC
999 _c718212
_d718212